Safeguarding the genetic basis of Africa's traditional crops: proceedings of a CTA/IBPGR/KARI/UNEP seminar, 5-9 October 1992, Nairobi, Kenya. (Record no. 56893)

MARC details
000 -LEADER
fixed length control field 00862nam a2200205 a 4500
008 - FIXED-LENGTH DATA ELEMENTS--GENERAL INFORMATION
fixed length control field 100201s1994 ||||||||||||||||| || u
020 ## - INTERNATIONAL STANDARD BOOK NUMBER
International Standard Book Number 929081103X
050 ## - LIBRARY OF CONGRESS CALL NUMBER
Classification number CTA)02)
100 ## - MAIN ENTRY--PERSONAL NAME
Personal name Putter, A
245 10 - TITLE STATEMENT
Title Safeguarding the genetic basis of Africa's traditional crops: proceedings of a CTA/IBPGR/KARI/UNEP seminar, 5-9 October 1992, Nairobi, Kenya.
Statement of responsibility, etc. edited by A. Putter
260 ## - PUBLICATION, DISTRIBUTION, ETC.
Place of publication, distribution, etc. Netherlands:
Name of publisher, distributor, etc. CTA
Date of publication, distribution, etc. 1994
300 ## - PHYSICAL DESCRIPTION
Extent xl, 211p.: ill.
350 ## - PRICE (NR) (BK AM CF MU VM SE) [OBSOLETE]
Price 0.00
650 ## - SUBJECT ADDED ENTRY--TOPICAL TERM
Topical term or geographic name entry element YAMS
650 ## - SUBJECT ADDED ENTRY--TOPICAL TERM
Topical term or geographic name entry element CROPS--GERMPLASM RESOURCES--AFRICA
650 ## - SUBJECT ADDED ENTRY--TOPICAL TERM
Topical term or geographic name entry element CROPS--GENETIC ENGINEERING
650 ## - SUBJECT ADDED ENTRY--TOPICAL TERM
Topical term or geographic name entry element AGRICULTURE--INFORMATION SOURCES
710 ## - ADDED ENTRY--CORPORATE NAME
Corporate name or jurisdiction name as entry element Technical Centre for Agricultural and Rural Cooperation (CTA)
995 ## - RECOMMENDATION 995 [LOCAL, UNIMARC FRANCE]
-- 0.00
-- CBU-MAIN LIBRARY (Kitwe)
-- 1
-- 0.00
-- 1
-- AVAILABLE
-- Feb 1, 2010
-- International Publications
Holdings
Withdrawn status Lost status Source of classification or shelving scheme Damaged status Not for loan Home library Current library Shelving location Date acquired Total Checkouts Full call number Barcode Date last seen Price effective from Koha item type
          CBU-MAIN LIBRARY, KITWE. CBU-MAIN LIBRARY, KITWE.   11/30/2022   CTA)02) 025195 11/30/2022 11/30/2022 MONOGRAPH